<?xml version="1.0" encoding="UTF-8"?>
<record
    xmlns:xsi="http://www.w3.org/2001/XMLSchema-instance"
    xsi:schemaLocation="http://www.loc.gov/MARC21/slim http://www.loc.gov/standards/marcxml/schema/MARC21slim.xsd"
    xmlns="http://www.loc.gov/MARC21/slim">

  <leader>01473nam a2200373 i 4500</leader>
  <controlfield tag="003">DO-SdBNP</controlfield>
  <controlfield tag="005">20260321073646.0</controlfield>
  <controlfield tag="007">ta</controlfield>
  <controlfield tag="008">241219s2003    dr o          000 0 spa d</controlfield>
  <datafield tag="020" ind1=" " ind2=" ">
    <subfield code="a">9993403741</subfield>
  </datafield>
  <datafield tag="040" ind1=" " ind2=" ">
    <subfield code="a">DO-SdBNP</subfield>
    <subfield code="b">spa</subfield>
    <subfield code="c">BNPHU</subfield>
    <subfield code="e">rda</subfield>
  </datafield>
  <datafield tag="082" ind1=" " ind2="4">
    <subfield code="a">xxx</subfield>
    <subfield code="b">xx</subfield>
    <subfield code="2">22</subfield>
  </datafield>
  <datafield tag="100" ind1="1" ind2=" ">
    <subfield code="a"> Bosch, Juan, </subfield>
    <subfield code="d">1909-2001</subfield>
    <subfield code="e">autor</subfield>
    <subfield code="4">aut.</subfield>
    <subfield code="9">76555</subfield>
  </datafield>
  <datafield tag="245" ind1="1" ind2="0">
    <subfield code="a">De espantos y espasmos :</subfield>
    <subfield code="b">cuentos de amor y visiones /</subfield>
    <subfield code="c">Juan Bosch, Virgilio D&#xED;az Grull&#xF3;n, Jeannette Miller, Pedro Verg&#xE9;s, Oquendo Medina y otros</subfield>
  </datafield>
  <datafield tag="250" ind1=" " ind2=" ">
    <subfield code="a">1a. edici&#xF3;n</subfield>
  </datafield>
  <datafield tag="264" ind1=" " ind2="1">
    <subfield code="a">Santo Domingo :</subfield>
    <subfield code="b">Ediciones Moradas,</subfield>
    <subfield code="c">2003.</subfield>
  </datafield>
  <datafield tag="300" ind1=" " ind2=" ">
    <subfield code="a">174 p&#xE1;ginas</subfield>
    <subfield code="b">fotograf&#xED;as</subfield>
    <subfield code="c">22 cm.</subfield>
  </datafield>
  <datafield tag="336" ind1=" " ind2=" ">
    <subfield code="a">texto</subfield>
    <subfield code="b">txt</subfield>
    <subfield code="2">rdacontent</subfield>
  </datafield>
  <datafield tag="337" ind1=" " ind2=" ">
    <subfield code="a">sin mediaci&#xF3;n</subfield>
    <subfield code="b">n</subfield>
    <subfield code="2">rdamedia</subfield>
  </datafield>
  <datafield tag="338" ind1=" " ind2=" ">
    <subfield code="a">volumen</subfield>
    <subfield code="b">nc</subfield>
    <subfield code="2">rdacarrier</subfield>
  </datafield>
  <datafield tag="590" ind1=" " ind2=" ">
    <subfield code="a">Inventariado, 2024/ YL</subfield>
  </datafield>
  <datafield tag="700" ind1="1" ind2=" ">
    <subfield code="a">D&#xED;az Grull&#xF3;n, Virgilio,</subfield>
    <subfield code="d">1924-2001</subfield>
    <subfield code="e">autor</subfield>
    <subfield code="9">501</subfield>
    <subfield code="4">aut.</subfield>
  </datafield>
  <datafield tag="700" ind1="1" ind2=" ">
    <subfield code="a">Miller, Jeannette,</subfield>
    <subfield code="d">1944-</subfield>
    <subfield code="e">autor</subfield>
    <subfield code="9">83484</subfield>
    <subfield code="4">aut.</subfield>
  </datafield>
  <datafield tag="700" ind1="1" ind2=" ">
    <subfield code="a">Verges, Pedro,</subfield>
    <subfield code="d">1945-</subfield>
    <subfield code="e">autor</subfield>
    <subfield code="9">12149</subfield>
    <subfield code="4">aut.</subfield>
  </datafield>
  <datafield tag="700" ind1="1" ind2=" ">
    <subfield code="a">Medina, Oquendo,</subfield>
    <subfield code="d">1955-</subfield>
    <subfield code="e">autor</subfield>
    <subfield code="9">14493</subfield>
    <subfield code="4">aut.</subfield>
  </datafield>
  <datafield tag="700" ind1=" " ind2=" ">
    <subfield code="a">Bobadilla, Jos&#xE9;,</subfield>
    <subfield code="d">1955-</subfield>
    <subfield code="e">autor</subfield>
    <subfield code="9">11356</subfield>
    <subfield code="4">aut.</subfield>
  </datafield>
  <datafield tag="700" ind1="1" ind2=" ">
    <subfield code="a">Disla, Reynaldo,</subfield>
    <subfield code="d">1956-</subfield>
    <subfield code="e">autor</subfield>
    <subfield code="9">17260</subfield>
    <subfield code="4">aut.</subfield>
  </datafield>
  <datafield tag="700" ind1=" " ind2=" ">
    <subfield code="a">Garc&#xED;a Romero, Rafael,</subfield>
    <subfield code="d">1957-</subfield>
    <subfield code="e">autor</subfield>
    <subfield code="9">1671</subfield>
    <subfield code="4">aut.</subfield>
  </datafield>
  <datafield tag="700" ind1=" " ind2=" ">
    <subfield code="a">Vega, Ricardo</subfield>
    <subfield code="d">1964-</subfield>
    <subfield code="e">autor</subfield>
    <subfield code="9">30262</subfield>
    <subfield code="4">aut.</subfield>
  </datafield>
  <datafield tag="700" ind1="1" ind2=" ">
    <subfield code="a">L&#xF3;pez Azu&#xE1;n, Virgilio,</subfield>
    <subfield code="d">1959-</subfield>
    <subfield code="e">autor</subfield>
    <subfield code="9">64493</subfield>
    <subfield code="4">aut.</subfield>
  </datafield>
  <datafield tag="700" ind1="1" ind2=" ">
    <subfield code="a">Stanley, Avelino,</subfield>
    <subfield code="d">1959-</subfield>
    <subfield code="e">autor</subfield>
    <subfield code="9">1536</subfield>
    <subfield code="4">aut.</subfield>
  </datafield>
  <datafield tag="910" ind1=" " ind2=" ">
    <subfield code="a">YLockward</subfield>
  </datafield>
  <datafield tag="942" ind1=" " ind2=" ">
    <subfield code="2">ddc</subfield>
    <subfield code="c">LBS1</subfield>
  </datafield>
  <datafield tag="952" ind1=" " ind2=" ">
    <subfield code="0">0</subfield>
    <subfield code="1">0</subfield>
    <subfield code="2">ddc</subfield>
    <subfield code="5">1</subfield>
    <subfield code="7">0</subfield>
    <subfield code="8">PD</subfield>
    <subfield code="a">BNPHU</subfield>
    <subfield code="b">BNPHU</subfield>
    <subfield code="c">CT</subfield>
    <subfield code="d">2023-12-01</subfield>
    <subfield code="e">Donado por la Presidencia de la Rep&#xFA;blica Dominicana 2023</subfield>
    <subfield code="l">0</subfield>
    <subfield code="o">BNPHU PD xxx xx</subfield>
    <subfield code="p">2024-7063</subfield>
    <subfield code="r">2024-12-19</subfield>
    <subfield code="w">2024-12-19</subfield>
    <subfield code="y">LBS1</subfield>
    <subfield code="z">Perteneci&#xF3; a la biblioteca personal de Ren&#xE9; Rodr&#xED;guez Soriano</subfield>
  </datafield>
  <datafield tag="999" ind1=" " ind2=" ">
    <subfield code="c">57984</subfield>
    <subfield code="d">57984</subfield>
  </datafield>
</record>
